000 00737cam a2200253 a 4500
003 UPN
005 20231020063958.0
008 191126s2019 mx aob dr 000 0 spa d
020 _a9786075511948
035 _aUPN01000234343
040 _aMX-MxUPN
_bspa
_cMX-MxUPN
050 4 _aLB1653
_bM61 2019
245 0 0 _aGeografía :
_bprimer grado
250 _aSegunda edición
260 _aMéxico :
_bSEP, Dirección General de Materiales Educativos ,
_c2019.
300 _a271 páginas
490 0 _aTelesecundaria
500 _a"Ciclo escolar 2019-2020".
650 7 _95961
_aGeografía
_xEstudio y enseñanza (Secundaria)
650 4 _aTelesecundaria
_96411
905 _aLibro
942 _2lcc
_cLIBRO
999 _c206438
_d206438